| 000 | 00918nam a2200265Ia 4500 | ||
|---|---|---|---|
| 003 | OSt | ||
| 005 | 20221005113016.0 | ||
| 006 | a|||||r|||| 00| 0 | ||
| 007 | ta | ||
| 008 | 221004b |||||||| |||| 00| 0 pan d | ||
| 020 |
_a9788171166383 (hbk) _cINR 200.00 |
||
| 024 | _a35398 | ||
| 037 |
_b1006, 13/11/2017, H.K. Prakashan _cTextual |
||
| 040 |
_aCRL _cCRL _bpan |
||
| 041 |
_2pan _apan |
||
| 082 | _aO153,3N332,IB, Q4 | ||
| 100 | _aਅਮਰਜੀਤ ਸਿੰਘ | ||
| 245 | 0 | _aਇਕ ਭਰੂਣ ਦੀ ਵਿੱਥਿਆ | |
| 260 |
_aਦਿੱਲੀ _bਨੈFਨਲ ੁਬੁਕ Fਾਪ ਭਾਰਤ _c2014 |
||
| 300 |
_a112ਪੰ _ccm. |
||
| 650 | _a ਪੰਜਾਬੀ ਕਹਾਣੀ | ||
| 650 | _aਪੰਜਾਬੀ ਸਾਹਿਤ | ||
| 942 |
_hO153,3N332,IB, Q4 _cTEXL _2cc |
||
| 999 |
_c1026738 _d1026738 |
||